000 00518nam a2200181Ia 4500
005 20250508161739.0
008 008 250505s9999 xx 000 0 eng d
037 _aTextual
040 _aFEDL
_beng
_cFEDL
041 _aeng
_2eng
084 _a371.42, HIL
_qFEDL
100 _aHill George E
_9463798
245 0 _aManagement and improvement of guidance
260 _aNew York, USA
_bAppleton-Century-Crofts
_c1965
300 _axv,508p.
942 _cTEXL
_h371.42, HIL
999 _c1371865
_d1371865